[Event "Ciocaltea Memorial"]
[Site "Bucharest"]
[Date "1999.03.08"]
[Round "5"]
[White "Marjanovic, Slavoljub"]
[Black "Conquest, Stuart"]
[Result "0-1"]
[WhiteElo "2451"]
[BlackElo "2488"]
[Annotator "Gofshtein,L"]
[PlyCount "79"]
[EventDate "1999.03.04"]
[EventType "tourn"]
[EventRounds "13"]
[EventCountry "ROU"]
[EventCategory "10"]
[SourceTitle "CBM 070"]
[Source "ChessBase"]
[SourceDate "1999.06.08"]
[SourceVersion "1"]
[SourceVersionDate "1999.06.08"]
[SourceQuality "1"]

1. e4 c5 2. Nf3 d6 3. d4 cxd4 4. Nxd4 Nf6 5. Nc3 Nc6 6. Bg5 e6 7. Qd2 a6 8.
O-O-O Bd7 9. f4 b5 10. Bxf6 gxf6 11. Kb1 Qb6 12. Nce2 $5 {[%csl Rd4,Rg3][%cal
Re2g3,Re2d4] It looks much  better  than 12.Nc6.White  keep  the knight on d4,
and avoids change of queens.} (12. Nxc6 $6 Bxc6 13. Bd3 b4 14. Ne2 h5 15. Rhf1
a5 16. f5 e5 17. Ng1 Qc5 $15 {Short-Kozul Belgrade 1989}) 12... Na5 {[%csl Yc4]
[%cal Ra5c4]} 13. b3 {aimed against jump of knight to-c4.} Rb8 {[%csl Rb1,Rb8]
[%cal Rb8b1] '?!' Anand.} (13... O-O-O 14. g3 Kb8 15. Bg2 Rc8 16. Rhf1 Be8 17.
c3 Nb7 18. f5 e5 19. Nc2 d5 20. exd5 h5 21. h3 Bh6 22. Qe1 a5 23. g4 Nd6 24.
Ng3 hxg4 25. hxg4 Rg8 26. Bf3 Bd7 $44 {0-1 Shmuter,L-Petrushin,A/Moscow 1991/
TD (39)}) (13... Rc8 14. g3 Nc6 15. c3 Qa5 16. Nc2 h5 17. h4 Qb6 18. Bh3 a5 19.
f5 Rc7 20. fxe6 fxe6 21. Rhf1 $36 {1-0 Matulovic,M-Jovanovic,S/Belgrade 1989/
EXT 97 (34)}) 14. Ka1 {for my opinion  more dangerous for black 14.Ng3} (14. c3
{N} h5 $1 15. g3 Qb7 (15... Nb7 $5 {P c5, a5,b4}) 16. Bg2 e5 (16... f5 17.
Qd3 fxe4 (17... e5 $2 18. fxe5 dxe5 19. Nxf5 $18) 18. Bxe4 d5 19. Bf3 b4 $13)
17. Nc2 Nc4 $13 {1-0 Mokry,K-Damljanovic,B/Novi Sad 1990/TD/[Mokry] (52)} (
17... Bc6 18. Qe3 {P b4} f5 $2 (18... Nc4 $4 19. bxc4 $18) 19. fxe5 dxe5 20.
exf5 $18)) (14. Ng3 h5 15. e5 $1 d5 16. Be2 h4 17. Nh5 Rxh5 (17... f5 18. Nf6+
$16) 18. Bxh5 Nc4 19. Qd3 Qa5 20. Ka1 Ba3 21. Rb1 $16 {(Anand). 0-1 Popovic,
P-Kozul,Z/Belgrade 1989/CBM 16/[Anand] (37)}) 14... h5 $5 {black protect
against plan  with Ne2-g3-h5} 15. g3 Bg7 16. Bg2 Rc8 17. Rhf1 O-O {Risky move ,
usually in same positions black keep king in the centre} (17... Nb7 $5) 18. c3
(18. f5 $5 e5 19. Nf3 Bc6 20. Ne1 Nb7 21. Nd3 a5 22. g4 $36) 18... f5 {[%cal
Rg7d4,Rc8c3] an active move ,black opens position and does not consider  with
destruction his  pawn structure.} 19. exf5 exf5 20. Bh3 (20. Kb1 $5) 20... b4
21. Bxf5 $2 {decisive  mistake ,of course white must play   21.c4 with unclear
position} (21. cxb4 Nc6 22. a3 Nxd4 23. Nxd4 a5 $36) (21. c4 $5 $13) 21... Bxf5
22. Nxf5 {[%tqu "En","","","","a5b3","beatiful tactical blow",10]} Nxb3+ $1 {
[%mdl 64] beatiful tactical blow} 23. axb3 Qa5+ 24. Kb1 Qxf5+ 25. Qc2 Qa5 $1
$19 26. Rf3 Rfe8 27. Rfd3 bxc3 28. Nc1 (28. Rxd6 {[%tqu "En","","","","e8e2",
"",5]} Rxe2 29. Qxe2 c2+) 28... Rc6 29. Rd5 Qa3 30. Rxh5 Rb8 {[%cal Ra3b2,
Ya6a5,Ya5a4]} 31. Rg5 Kf8 32. Rxg7 Kxg7 33. Rd3 Rbc8 34. Na2 a5 35. f5 a4 36.
f6+ Kf8 37. b4 Qb3+ 38. Kc1 d5 39. Kd1 Rxf6 40. Rxc3 0-1

[Event "EU-Cup 19th"]
[Site "Rethymno"]
[Date "2003.09.28"]
[Round "1.1"]
[White "McShane, Luke J"]
[Black "Boidman, Yuri"]
[Result "0-1"]
[WhiteElo "2619"]
[BlackElo "2407"]
[Annotator "Gofshtein,L"]
[PlyCount "106"]
[EventDate "2003.09.28"]
[EventType "team-swiss"]
[EventRounds "7"]
[EventCountry "GRE"]
[SourceTitle "CBM 098"]
[Source "ChessBase"]
[SourceDate "2004.02.03"]
[SourceVersion "1"]
[SourceVersionDate "2004.02.03"]
[SourceQuality "1"]
[WhiteTeam "Werder Bremen"]
[BlackTeam "Echternach"]
[WhiteTeamCountry "GER"]
[BlackTeamCountry "LUX"]

1. e4 {McShane} c5 2. Nf3 d6 3. d4 cxd4 4. Nxd4 Nf6 5. Nc3 Nc6 6. Bg5 e6 7. Qd2
a6 8. O-O-O Bd7 9. f3 b5 10. Nxc6 Bxc6 11. Ne2 {A typical transfer of the
knight to d4 in this position where it's very well placed keeping an eye on
both flanks} Be7 12. Nd4 Rc8 (12... Bb7 13. h4 O-O 14. g4 Rc8 15. Kb1 Qc7 16.
Be3 Nd7 17. g5 d5 18. g6 Bf6 19. gxf7+ Kxf7 20. Bh3 Rfe8 21. exd5 Bxd5 $13 {
Gdanski-Ermenkov,Budapest 1993}) 13. h4 O-O 14. Kb1 d5 $2 {'?!' McShane. A
positional mistake} (14... Bb7 {after this normal move white has a small
advantage}) 15. e5 {Another typical reply, closing the centre white gets a
favouable pawn structure, where it is difficult for black to receive
counterplay while white's plan of attacking the black king is simple.} Nd7 16.
Qe3 {'+/-' McShane.} Re8 17. g4 {White's advantage is undoubtful.} Qb6 18. Bxe7
Rxe7 19. g5 b4 (19... g6 $5 {McShane}) 20. g6 $6 {White probably overestimates
his position, after the simple 20.h5 he has a large advantage.} (20. h5 $16 g6
$8 {McShane} 21. Bh3 Rce8 22. Qf4 Nf8 23. Rc1 $5 $16 {[%cal Yc2c3]}) 20... fxg6
21. h5 gxh5 (21... Nf8 {McShane}) 22. Rxh5 $6 (22. Qg5 {was more precise.} Rce8
(22... Rf7 23. Bh3) 23. Bd3 Nf8 24. Qxh5 g6 25. Qg4) 22... Nf8 {'=/+' McShane.
Now the position became unclear although white has compensation for the
sacrificed pawn.} 23. Bd3 (23. Bh3 Be8 24. Rg5 Bg6 {is good for black}) 23...
Bb5 $1 {Exchanging pieces favours black.} 24. f4 Bxd3 25. Qxd3 g6 {Black
prevents the possible f4-f5.} 26. Rg5 Rg7 27. Rg2 Rc4 28. Qd2 a5 29. Nf3 Rf7
30. Nd4 a4 31. Rg3 Kh8 32. Qe3 a3 {The initiative is on black's side now and
white decides to try to turn the game in a different course by 33.f5, although
in the forthcoming endgame black is much better.} 33. f5 $5 {'!' McShane.} exf5
(33... gxf5 $2 {loses to} 34. Rdg1 Ng6 35. Rxg6 $18) (33... axb2 {McShane}) (
33... Rxd4 {McShane} 34. Qxd4 Qxd4 35. Rxd4 Rxf5 36. bxa3 $13) 34. e6 (34. Nxf5
$2 {is weak in view of} d4 $1 35. Qe2 (35. Qd3 Rc3 $1 {and black wins}) 35...
Rfc7 {with an overwhelming position for black.}) 34... Rxd4 $1 (34... Nxe6 {
McShane} 35. Nxe6 Qxe3 36. Rxe3 Re4 37. Rxd5 $16) 35. Qe5+ (35. Rxd4 {McShane}
Qxe6 36. Qd2 f4 $1 $17) 35... Rg7 36. Rxd4 Qxe6 {Black must exchange queens to
secure his king} 37. Rxd5 (37. Qxe6 {McShane} Nxe6 38. Rxb4 Rf7 (38... axb2 39.
Rb8+ Rg8 40. Rxg8+ Kxg8 41. a4 $16 {[%csl Ga4][%cal Ya4a8]}) 39. Rxa3 f4 $17)
37... f4 {'!' McShane.} 38. Rg1 (38. Rb3 Qxe5 39. Rxe5 Rf7 40. Rxb4 f3 {
looks completly winning for black, for example:} 41. Re1 f2 42. Rf1 Re7 43. Rd4
g5 44. bxa3 Re1+ 45. Rd1 Re2 46. Kb2 g4 47. Kc3 g3 $19) (38. Rf3 {McShane} g5)
38... Qxe5 39. Rxe5 Rf7 40. Re4 $2 (40. bxa3 bxa3 41. c4 h6 42. Kc2 {with some
chances for white to save the game}) 40... h6 $2 (40... f3 41. Rxb4 f2 42. Rf1
Re7 {was correct, leading to the previously seen variation 38.Rb3}) 41. Rxb4 g5
42. c4 Nd7 43. Rb7 Kg7 {'!' McShane.} (43... f3 {McShane} 44. c5 f2 45. Rf1 g4
46. c6 g3 47. cxd7 Rf8 48. Rd1 Rd8 (48... f1=Q 49. d8=Q Qf5+ 50. Ka1 axb2+ 51.
Kxb2 $16 {[%cal Yd8d4]}) 49. Rc7 g2 50. Rc8 f1=Q 51. Rxd8+ Kg7 52. Rg8+ Kxg8
53. d8=Q+ $16 {[%cal Yd8d4]}) 44. Rd1 $2 (44. b4 {It's not clear why white
didn't play this simple move, which turns the game to a totally unclear, for
example:} f3 (44... Ne5 $5 {deserves attention}) 45. c5 Ne5 (45... f2 {McShane}
46. Rf1 g4 47. c6 $1 (47. Rxf2 Rxf2 48. c6 Kg6 $1) (47. Ra7 {[%cal Ya7a3]} h5
48. c6 g3 49. Rxa3 h4 $17) 47... g3 48. Rxd7 Rxd7 49. cxd7 g2 50. Rd1 f1=Q 51.
d8=Q g1=Q 52. Qe7+ $11) (45... Ne5 46. Rxf7+ Kxf7 47. b5) 46. Rxf7+ Kxf7 47. b5
g4 48. c6 {and white is the one who's winning.}) 44... Ne5 45. Rxf7+ Kxf7 {
Now the position clarified, black simply wins.} 46. b3 ({Also after} 46. c5 f3
47. b4 g4 48. b5 g3 49. c6 Nc4 $1 {'-+!' McShane.} 50. c7 Nb6 {the knight
stops white's pawns and black easily wins.}) 46... g4 47. Kc2 {The king can't
help white to stop the black pawns.} g3 48. Kd2 {McShane: 'with a draw offer'}
h5 49. Ke2 f3+ 50. Ke3 f2 (50... h4 {McShane} 51. c5 h3 52. Kf4 $1 g2 53. Kg3
$8 Ng4 $1 $19) 51. Ke2 Ng4 52. Kf3 (52. Rf1 {McShane} Ke6 53. Kf3 Nh2+ $19)
52... g2 53. Kxg2 Ne3+ {[%mdl 4096]} 0-1

[Event "EU-Cup 14th final"]
[Site "Belgrade"]
[Date "1999.01.12"]
[Round "2"]
[White "Adams, Michael"]
[Black "Kozul, Zdenko"]
[Result "1-0"]
[WhiteElo "2716"]
[BlackElo "2585"]
[Annotator "Gofshtein,L"]
[PlyCount "73"]
[EventDate "1999.01.11"]
[EventType "team-k.o."]
[EventRounds "3"]
[EventCountry "YUG"]
[SourceTitle "EXT 2020"]
[Source "ChessBase"]
[SourceDate "2019.10.17"]
[SourceVersion "1"]
[SourceVersionDate "2019.10.17"]
[SourceQuality "1"]
[WhiteTeam "Breda Panfox"]
[BlackTeam "Sarajevo Bosna"]
[WhiteTeamCountry "NED"]
[BlackTeamCountry "BIH"]

1. e4 c5 2. Nf3 d6 3. d4 cxd4 4. Nxd4 Nf6 5. Nc3 Nc6 6. Bg5 e6 7. Qd2 a6 8.
O-O-O Bd7 9. f4 b5 10. Bxf6 gxf6 11. Kb1 (11. Nxc6 Bxc6 12. Qe3 {Ernst} (12.
Bd3 Qb6 13. Qe1 Be7 14. f5 $5) 12... Qe7 $10) 11... Qb6 12. Nxc6 (12. Nce2 $5
Na5 13. b3 Rb8 14. Ng3 h5 15. e5 d5 16. Be2 h4 17. Nh5 Rxh5 18. Bxh5 Nc4 19.
Qd3 $16 {Popovic - Kozul, Belgrad 1989}) 12... Bxc6 13. Qe1 (13. Bd3 b4 14. Ne2
h5 15. Rhf1 a5 $10 {Short - Kozul, Belgrad 1989}) 13... Be7 14. Bd3 a5 $6 {
a rare line,usualy black chooses another     variations.This  move  looks  too
slow,black  tries to create  counterplay on the queenside,but this  effort
doesn't lead to success.It was necessary  to prevent play of white on the king
side} (14... h5 15. f5 b4 (15... Qc5 16. Rf1 Kd7 (16... b4 17. Ne2 e5) 17. Rf3
Rag8 18. fxe6+ fxe6 19. Nd5 $3 Rxg2 (19... exd5 20. b4 Qb6 21. exd5 Bb7 (21...
Bxd5 22. Bf5+ Kc6 23. Qxe7 $18) 22. Bf5+ Kd8 (22... Ke8 23. Qe6 Qd8 24. Re1 $16
) 23. Qe6 Qc7 24. Rc3 Bc8 25. Qxc8+ Qxc8 26. Rxc8#) (19... Bxd5 20. exd5 e5 21.
Bf5+ Ke8 22. Rc3 $16) 20. b4 $1 {x c3} Qa7 21. Nxe7 Kxe7 22. Qc3 $18 Kd7 23.
Rxf6 Rh7 (23... Rg7 24. Rdf1) 24. e5 $18 {1-0 Short,N-Torre,E/Manila 1990/CBM
19/[Boensch,U] (28)}) 16. Ne2 e5 17. Ng3 (17. Qg3 $5) 17... h4 18. Nf1 Qc5 (
18... h3 19. g3 $6 {To open up the position while black king isn't safe is
clearly in white's favor . Therefore the move g3 demonstrates only Tiviakov's
peaceful intentions ...} (19. gxh3 $1 Rxh3 20. Qe2 $14) 19... a5 20. Bc4 Rc8
21. Bd5 Bb5 22. Ne3 {1/2-1/2 Tiviakov,S-Damljanovic,B/Cacak 1996/CBM 57/
[Rechlis,G] (22)}) 19. Ne3 Bd8 20. Bc4 Bb6 21. Nd5 Bxd5 22. Bxd5 $14 {Ernst,
T-Popovic,P (4) Tilburg1.23 (30`) 1992 0-1 75 -CBM 32}) (14... Qb7 15. f5 b4 (
15... O-O-O 16. Qe2 Kb8 17. a3 d5 18. fxe6 fxe6 19. exd5 exd5 20. Qf2 d4 21.
Ne2 Bxg2 $13 {1/2-1/2 Mainka,R-Arbakov,V/Schwaebisch Gmuend 1995/CBM 45 ext 
(41)}) 16. Ne2 e5 17. Qh4 d5 $132 {1-0 Tiviakov,S-Arbakov,V/Belgorod 1989/TD 
(64)}) (14... b4 $5) (14... Bb7 15. f5 O-O-O 16. Qh4 Kb8 17. Rhf1 Qc5 18. fxe6
fxe6 19. Ne2 $36 {1-0 Moberg,K-Schneider,L/Borlange 1995/CBM 49 ext (40)}) 15.
f5 $146 (15. Qe2 $6 b4 16. Nb5 Rb8 17. c4 bxc3 18. Nxc3 O-O $132 {1/2-1/2
Luczak,A-Klovans,J/Polanica Zdroj 1980/MCD (73)}) 15... b4 $6 {may be better
15... Kd7} 16. Ne2 e5 17. Ng3 $16 {[%csl Rh5][%cal Rg3h5]} Qc5 18. Qe2 {
[%csl Rc4,Yd3][%cal Yd3c4] with idea  19.Bc4} Rc8 19. b3 $1 {[%csl Rc4]} (19.
Bc4 $6 Bxe4 20. Bxf7+ Kxf7 21. Nxe4 Qc4 $132) 19... O-O (19... d5 20. exd5 Bxd5
21. Be4 $16) 20. Bc4 {[%csl Rf7][%cal Rc4f7]} Kh8 21. Rhe1 Rg8 22. Qh5 $1 {
[%csl Rf7][%cal Rh5f7] white  does  not give  any counterplay  for  black} (22.
Bxf7 $143 Bb5 $132) 22... Be8 23. Qh6 Qb6 24. Nh5 {[%csl Rf6][%cal Rh5f6]} Qd8
25. Rd2 $18 Rg5 26. Red1 {[%csl Rd6][%cal Rd2d6]} Bc6 27. Nxf6 Rg7 (27... Bxf6
28. Rxd6 $18) 28. Nh5 Rg4 29. Nf6 Rg7 30. g4 Qb6 31. h3 Rd8 32. Nh5 Rgg8 33.
Bxf7 Bg5 34. Qe6 Rgf8 35. Rxd6 Rxd6 36. Qxe5+ Rf6 37. Nxf6 1-0

[Event "HUN-ch 53rd"]
[Site "Heviz"]
[Date "2003.05.12"]
[Round "1"]
[White "Almasi, Zoltan"]
[Black "Acs, Peter"]
[Result "1-0"]
[WhiteElo "2676"]
[BlackElo "2600"]
[Annotator "Gofshtein,L"]
[PlyCount "85"]
[EventDate "2003.05.12"]
[EventType "tourn"]
[EventRounds "9"]
[EventCountry "HUN"]
[EventCategory "13"]
[SourceTitle "CBM 096"]
[Source "ChessBase"]
[SourceDate "2003.09.25"]
[SourceVersion "1"]
[SourceVersionDate "2003.09.25"]
[SourceQuality "1"]

1. e4 {[%mdl 4]} c5 2. Nf3 d6 3. d4 cxd4 4. Nxd4 Nf6 5. Nc3 Nc6 6. Bg5 e6 7.
Qd2 a6 8. O-O-O Bd7 9. f4 b5 10. Bxf6 {This is one of the most popular
continuation in the Rauzer variation in the sicilian defence. Black agrees to
a doubled pawns and a bad pawn constructure, recieving instead a pair of
bishops.} gxf6 11. Nxc6 Bxc6 12. Qe1 {[%cal Re1h4,Re1e8] A move combining a
number of ideas: the queen sometimes transfers from one flank to another, and
sometimes the knight jumps to d5.} Be7 13. Bd3 Qb6 14. f5 {A typical plan of
attacking the damaged pawn structure.} b4 15. Ne2 Qe3+ {15...e5 is an
alternative, and as the game below shows it also gives black a decent chances.}
(15... e5 $5 16. Ng3 a5 17. Kb1 a4 18. Bc4 Qc5 19. Qe2 $132 {1/2-1/2 Lau,
R-Ghitescu,T/Bensheim 1979/EXT 2003 (71)}) 16. Kb1 Bxe4 {Looks risky as the
positions opens up but still white is not able to bring the bad sides of
black's position to light.} (16... e5) 17. fxe6 fxe6 18. Bxe4 Qxe4 19. Qf2 $5
$146 {[%mdl 8] A logic move, which is a novelty. White frees the e1 square for
the rook. 19.Rd4 is not promising white anything real.} (19. Rd4 Qe5 20. Rxb4
Kf7 21. Qd2 Rab8 22. Rb3 f5 $132 {1/2-1/2 Mendoza,R-Yermolinsky,A/Cali 2001/
CBM 83 ext (34)}) 19... Rg8 $1 {[%cal Rg8g2,Yg8g5,Yg5e5][%mdl 256] A very
strong defensive move, from one side black attacks the g2 square, from the
other he plans to transfer the rook to e5, defending against the pressure over
the e-file.} 20. Ng3 {Because of the attack on g2 white can't play Nd4 or Nf4.}
(20. g3 Rg5 $5 21. Nd4 Re5 $132) (20. Nf4 $2 e5 $1 $19) 20... Qc6 21. Qe2 Kd7
22. Rhe1 d5 23. Nf5 {23.Nh5 didn't bring anything special for white} (23. Nh5
Rg5 $5 24. g4 Rf8 25. Nf4 Re5 26. Qd3 Rf7) 23... Bc5 24. Qh5 {It seems that
white got what he wanted to. His attack looks very dangerous.} Raf8 $1 {
[%mdl 256] A cold bludded defence, black is practically equalising.} 25. Qxh7+
Kc8 {As strange as it seems, 25...Kd8 deserved a serious attention not letting
to exchange his strong bishop.} (25... Kd8 $5 26. Nd4 (26. Ng7 e5 27. Nf5 Rxg2)
) 26. Ne7+ Bxe7 27. Qxe7 Re8 28. Qxf6 (28. Qxb4 Rxg2 $132) 28... Rxg2 29. Rc1
Rxh2 30. c3 $5 {A new try for white to take over the initiative and get to the
black king.} b3 31. axb3 Kb7 32. c4 Ka8 $6 {32...Rh7 deserved attention,
defending against the treats over the 7th rank.} (32... Rh7 $5 33. Red1 dxc4
34. Rxc4 Qb5 $132) 33. Red1 $1 {White puts up more pressure and the weakness
of the black king begins to show.} d4 {33...dc looks more stubborn} (33... dxc4
$5 34. Rd8+ Rxd8 35. Qxd8+ Ka7 36. Rxc4 Qh1+ 37. Ka2 Rh7 38. Qd4+ Ka8 39. Qd6
Qb7) 34. Rxd4 Rb8 35. Rd8 Rh1 (35... Rxd8 36. Qxd8+ Kb7 37. Qe7+ $36) 36. Rxh1
{It's stronger than 36.Rb8 as it is good for white to save one pair of rooks.}
(36. Rxb8+ Kxb8 37. Qe5+ Kc8 38. Rxh1 Qxh1+ 39. Kc2 Qc6 40. Kc3 $16) 36...
Qxh1+ 37. Ka2 Qc6 38. Rd4 Rc8 39. Qe5 {Taking control over the key squares.}
Kb7 (39... Qe8 40. Rd6 Rc6 41. Qe4 Kb7 42. b4 Kc7 43. Rxc6+ Qxc6 44. Qxc6+ Kxc6
45. Kb3 Kd6 46. Kc3 $18) 40. Rd6 $18 Qc7 41. Rxe6 Qxe5 42. Rxe5 Rf8 43. b4 1-0

[Event "YUG-ch 55th"]
[Site "Subotica"]
[Date "2000.03.18"]
[Round "3"]
[White "Sedlak, Nikola"]
[Black "Damljanovic, Branko"]
[Result "0-1"]
[WhiteElo "2320"]
[BlackElo "2530"]
[Annotator "Gofshtein,L"]
[PlyCount "98"]
[EventDate "2000.03.16"]
[EventType "tourn"]
[EventRounds "15"]
[EventCountry "YUG"]
[EventCategory "10"]
[SourceTitle "CBM 076"]
[Source "ChessBase"]
[SourceDate "2000.05.31"]
[SourceVersion "1"]
[SourceVersionDate "2000.05.31"]
[SourceQuality "1"]

1. e4 c5 2. Nf3 d6 3. d4 cxd4 4. Nxd4 Nf6 5. Nc3 Nc6 6. Bg5 e6 7. Qd2 a6 8.
O-O-O Bd7 9. f4 b5 10. Bxf6 gxf6 11. Kb1 Qb6 12. Nf3 O-O-O 13. f5 Kb8 14. g3
Bc8 15. Bh3 Bg7 16. Qe1 Rhe8 {Trying to provocate P change on e6} 17. fxe6 $2
$15 {Premature change} ({Better was} 17. Ne2 $1 Ne5 (17... exf5 18. Bxf5 Bxf5
19. exf5 Qc5 (19... Qe3 20. Ned4 $16) (19... Ne5 20. Nfd4 $14) 20. Qd2 Qxf5 21.
Ned4 Qc5 22. Nxc6+ Qxc6 23. Nd4 $14) (17... d5 18. exd5 exd5 19. Qd2 $14) 18.
Nfd4 d5 (18... Bb7 19. Nf4 $16 {[%csl Re6]}) 19. exd5 Rxd5 20. Bg2 Rd6 21. Qf2
Red8 22. c3 (22. Rhf1 exf5 $15 23. Nc6+ Qxc6 $1 $19) 22... Bb7 (22... exf5 23.
Nc6+ $16) 23. Bxb7 Qxb7 24. Rhf1 Qe4+ 25. Ka1 $14) 17... fxe6 18. Ne2 Ne5 (
18... d5 $2 19. exd5 Rxd5 20. Rxd5 exd5 21. Bxc8 $14) 19. Nfd4 {[%csl Re6]} (
19. Nxe5 dxe5 $15) 19... d5 $1 {[%csl Ge6][%cal Gb6e6]} 20. exd5 (20. Bg2 Bb7 (
20... dxe4 21. Bxe4 Bb7 22. Bxb7 Qxb7 $11) 21. exd5 Bxd5 22. Bxd5 Rxd5 $15)
20... Rxd5 21. Bg2 (21. Qf2 Rd6 $15) 21... Rd6 {Black neutralize pressure on
Pe6 and remain with par of Bishops} 22. Qf2 (22. Qb4 Red8 $15) 22... f5 (22...
Red8 23. c3 Bb7 24. Bxb7 Qxb7 25. Nf4 Qe4+ 26. Qc2 Qxc2+ 27. Kxc2 Re8 $11) 23.
Qf4 {[%cal Gf4b8]} Qc7 $6 (23... Bb7 $1 24. Bxb7 Qxb7 25. c3 Nc4 26. Nc2 Be5
$15) 24. Nb3 $2 {Mistake. It was not necessary to withdraw N from the center.}
(24. h3 $1 Red8 25. Rhe1 Bb7 (25... Nc4 $2 26. Nc6+ $1) 26. Bxb7 Qxb7 27. c3
Ng6 28. Qf1 Qd7 29. Kc2 $5 (29. Qf3 Ne5 30. Qf2 Nc4 31. b3 Nb6 32. Rc1 Nd5 $17)
(29. Kc1 Bh6+ 30. Kc2 $132) 29... Qc8 $5 {[%cal Ge6e5,Gc8f5]} 30. Nf3 e5 31.
Rxd6 Rxd6 32. Rd1 Qc6 33. Rxd6 Qxd6 34. Qf2 $132) 24... Nc4 $6 $132 ({Black
can after} 24... Red8 $5 {could achieve great advantage} 25. Rxd6 Rxd6 (25...
Qxd6 26. Ned4 Qc7 27. Re1 $14) 26. Ned4 Nc4 27. Qf3 (27. Nc6+ Rxc6 28. Bxc6 e5
(28... Be5 29. Qf3 Bxb2 $17 {[%csl Rb1][%cal Gb2f6]}) 29. Qf3 Nxb2 30. Rc1 (30.
Nc5 Nc4 31. Rd1 e4 32. Qf4 Be5 $19) 30... Nc4 31. Qd5 e4 32. c3 Bh6 $17)) 25.
Qf3 (25. Rxd6 Qxd6 (25... Nxd6 26. Qb4 e5 27. Na5 $132) 26. Qxd6+ Nxd6 27. Ned4
e5 28. Nc6+ Kc7 $15) 25... Bb7 26. Qxb7+ Qxb7 27. Bxb7 Kxb7 28. Rxd6 $5 (28.
Na5+ $1 Kc7 29. Nxc4 bxc4 30. Rxd6 Kxd6 31. Rd1+ Kc6 (31... Kc5 32. Rd7 $14)
32. c3 e5 33. Kc2 $132) 28... Nxd6 29. Rd1 Kc6 30. Ned4+ Bxd4 (30... Kb6 31. c3
e5 32. Nc2 Nc4 (32... Re6 33. Ne3 Kc6 34. Na5+ Kb6 35. Nb3 $132) 33. Nd2 Nxd2+
34. Rxd2 $132) 31. Nxd4+ Kc7 (31... Kc5 32. Nb3+ Kc6 33. Nd4+ $11) 32. Rf1 {
[%csl Rf5][%cal Ge6e5]} Kd7 33. c3 h5 34. Kc2 Nc4 {[%cal Gc4e3]} 35. Rf3 Ne5
36. Rf2 Rc8 37. a3 Kd6 38. Re2 h4 39. Re3 $2 $17 (39. gxh4 $1 Rh8 40. b3 Rh6 (
40... Rxh4 41. Rxe5 $1 $18) 41. a4 bxa4 42. bxa4 Kd5 43. Rd2 Ke4 44. Re2+ (44.
h5 f4 45. Re2+ Kd5 46. Rf2 Rxh5 47. Ne2 Ng6 48. Rxf4 Rxh2 49. Rd4+ $11) 44...
Kd5 45. Rd2 $11) 39... hxg3 40. hxg3 Rh8 41. Kb3 $2 $19 (41. Re2 Rh3 42. Rd2
Ke7 43. Rg2 Kf6 (43... Nc4 44. Re2) 44. b3 Ng4 45. Kd2 e5 46. Nc2 Ke6 47. Nb4
a5 48. Nd3 Kd5 $15) 41... Rh3 42. Ne2 $6 {White play endgame poorly} (42. a4 f4
43. Rxe5 (43. Re2 bxa4+ 44. Kxa4 Rxg3 45. Ka5 f3 46. Rf2 Rg2 47. Rf1 f2 48.
Kxa6 Ng4 49. Nc2 Ke5 50. b4 Nh2 51. Ne3 Nxf1 52. Nxg2 Ke4 53. b5 Nd2 $19) 43...
bxa4+ 44. Kxa4 Kxe5 45. gxf4+ Kd5 46. Ka5 Rh4 47. Kxa6 Rxf4 48. Kb6 (48. b4 e5
$19) 48... Rf2 (48... e5 49. Nc2 Kc4 (49... Rf2 50. Ne3+ Ke4 (50... Ke6 51. Nc4
$17) 51. Nc4 $17) (49... e4 50. Ne3+ Kd6 51. Nc4+ Ke6 52. Kc5 Rh4 53. b4 (53.
Kd4 e3+ $19) 53... Kf5 54. b5 Kf4 55. b6 e3 56. b7 Rh8 57. Nxe3 $11) 50. Ne3+
Kb3 51. Kc5 Kxb2 52. Kd5 $11) 49. b3 e5 50. Nc6 Rb2 (50... e4 51. c4+ Ke6 52.
Nd4+ Ke5 53. Nc6+ Kf4 54. Nb4 e3 55. Nd5+ Ke4 56. Nxe3 Kxe3 57. c5 $11) 51. c4+
Ke6 52. b4 e4 53. Nd4+ Ke5 54. Kc5 e3 55. b5 Ke4 $19) 42... Rh2 {[%csl Rb2]}
43. Nf4 Rxb2+ 44. Kxb2 Nc4+ 45. Kb3 Nxe3 46. a4 bxa4+ 47. Kxa4 e5 48. Ne2 Kc5
49. Kb3 Nf1 $22 0-1